| 000 | 01154nam a22003497a 4500 | ||
|---|---|---|---|
| 003 | CHAP | ||
| 005 | 20220329143347.0 | ||
| 008 | 081216s2006 es r 00010 spa d | ||
| 010 | _a95499 | ||
| 011 | _a96471 | ||
| 020 | _a9589794483 | ||
| 035 | _a107125 | ||
| 040 | _cCHAP | ||
| 082 | 0 | 4 |
_a330.3 _bEs18 |
| 100 | 1 |
_aEscobar Gallo, Heriberto _937496 |
|
| 245 | 1 | 0 |
_aDiccionario económico financiero _c/por Heriberto Escobar Gallo y Vicente Cuartas Mejia |
| 250 | _a3a. ed. | ||
| 260 |
_aMedellín, Col. : _bUniversidad de Medellín, _c2006 |
||
| 300 | _a484 p. : | ||
| 590 |
_aBATCH-UPD _b10 _c20130110 _lUCH01 _h0602 |
||
| 590 |
_aBATCH-UPD _b10 _c20130410 _lUCH01 _h0244 |
||
| 590 |
_aBATCH-UPD _b10 _c20130410 _lUCH01 _h1647 |
||
| 590 |
_aBATCH-UPD _b10 _c20130914 _lUCH01 _h1233 |
||
| 590 |
_aCONVERSION _b10 _c20130109 _lUCH01 _h1353 |
||
| 650 | 1 | 4 |
_aEconomía _xDiccionarios. _935232 |
| 650 | 1 | 4 |
_aFinanzas _xDiccionarios. _940937 |
| 650 | 1 | 4 |
_aInversiones _xDiccionarios. _960182 |
| 700 | 1 |
_aCuartas Mejía, Vicente. _929939 |
|
| 901 | _aBK | ||
| 942 | _cLIBRO | ||
| 949 |
_a330.3 Es18 _bBC _cC _d33724002068223 _eC _gI.c/e _h110100 _i107125 _si _t$ 357.50 |
||
| 999 |
_c95499 _d95499 |
||